| 000 | 00735nam a2200241 a 4500 | ||
|---|---|---|---|
| 001 | 68334 | ||
| 003 | BD-RjUL | ||
| 005 | 20211209081746.0 | ||
| 008 | 170402r19591932nyua 001 0 eng d | ||
| 035 | _a(BD-RjUL)68544 | ||
| 040 |
_aBD-RjUL _cBD-RjUL _beng |
||
| 041 | _aeng | ||
| 082 | 0 | 0 |
_223 _a511.3 _bLES 1959 |
| 100 | 1 |
_aLewis, Clarence Irving _9202586 |
|
| 245 | 1 | 0 |
_aSymbolic logic / _cby Clarence Irving Lewis and Cooper Harold Langford |
| 250 | _a2nd ed. | ||
| 260 |
_aNew York : _bDover Publications, _cc1959. |
||
| 300 |
_a[5] 518 p. [16] : _bill. ; _c22 cm. |
||
| 500 | _aIncludes indexes. | ||
| 650 | 0 |
_aLogic, Symbolic and mathematical. _9202587 |
|
| 700 |
_aLangford, Cooper Harold [Joint] _9202588 |
||
| 942 |
_2ddc _cBK |
||
| 999 |
_c68334 _d68334 |
||